[Event "Parma City of Culture op 3rd"]
[Site "Parma"]
[Date "2023.01.06"]
[Round "2"]
[White "Ceres, Dragos"]
[Black "Dobboletta, Alex"]
[Result "1-0"]
[WhiteElo "2399"]
[BlackElo "2151"]
[PlyCount "67"]
[EventDate "2023.01.06"]
[EventType "swiss"]
[EventRounds "6"]
[EventCountry "ITA"]
[SourceTitle "CBM 212 Extra"]
[Source "ChessBase"]
[SourceDate "2023.03.31"]
[SourceVersion "1"]
[SourceVersionDate "2023.03.31"]
[SourceQuality "1"]

1. e4 e6 2. d4 d5 3. e5 c5 4. c3 Qb6 5. Nf3 Nc6 6. a3 Nh6 7. Bd3 cxd4 8. 0-0 Be7 9. b4 Nf5 10. c4 dxc4 11. Bxc4 Qc7 12. Qe2 b6 13. Bd3 Bb7 14. Re1 Rd8 15. Nbd2 h5 16. Nb3 g6 17. Bd2 0-0 18. Bf4 Qd7 19. Nbd2 f6 20. exf6 Bxf6 21. Qxe6+ Qxe6 22. Rxe6 Rde8 23. Rae1 Rxe6 24. Rxe6 Nce7 25. Ne4 Bg7 26. Bg5 Rc8 27. Nd6 Nxd6 28. Rxe7 Bd5 29. Bxg6 Nc4 30. Rxa7 Nb2 31. Nh4 d3 32. Nf5 Bf6 33. Bh7+ Kf8 34. Bh6+ 1-0

[Event "Trieste op 24th"]
[Site "Trieste"]
[Date "2022.09.06"]
[Round "5"]
[White "Mazi, Leon"]
[Black "Dobboletta, Alex"]
[Result "1-0"]
[WhiteElo "2333"]
[BlackElo "2154"]
[PlyCount "69"]
[EventDate "2022.09.03"]
[EventType "swiss"]
[EventRounds "9"]
[EventCountry "ITA"]
[SourceTitle "CBM 210 Extra"]
[Source "ChessBase"]
[SourceDate "2022.11.30"]
[SourceVersion "1"]
[SourceVersionDate "2022.11.30"]
[SourceQuality "1"]

1. e4 c5 2. Nf3 e6 3. d4 cxd4 4. Nxd4 a6 5. Bd3 Bc5 6. Nb3 Ba7 7. Nc3 Nc6 8. Qe2 d6 9. Be3 b5 10. 0-0 Nf6 11. Kh1 Bb7 12. f4 Qc7 13. Rae1 Bxe3 14. Qxe3 b4 15. Ne2 Nd7 16. Nd2 0-0 17. Ng3 Qb6 18. Qe2 Qd4 19. Nc4 Nc5 20. e5 Nxd3 21. cxd3 dxe5 22. fxe5 Rad8 23. Qh5 Qxd3 24. Nd6 Rxd6 25. exd6 Qxd6 26. Ne4 Qd4 27. Ng5 h6 28. Rxf7 hxg5 29. Rxf8+ Kxf8 30. Rf1+ Ke7 31. Qf7+ Kd6 32. Qxb7 Qd3 33. Rc1 Qb5 34. Rd1+ Kc5 35. Qxg7 1-0

[Event "Trieste op 24th"]
[Site "Trieste"]
[Date "2022.09.05"]
[Round "4"]
[White "Dobboletta, Alex"]
[Black "Manca, Federico"]
[Result "1-0"]
[WhiteElo "2154"]
[BlackElo "2358"]
[PlyCount "59"]
[EventDate "2022.09.03"]
[EventType "swiss"]
[EventRounds "9"]
[EventCountry "ITA"]
[SourceTitle "CBM 210 Extra"]
[Source "ChessBase"]
[SourceDate "2022.11.30"]
[SourceVersion "1"]
[SourceVersionDate "2022.11.30"]
[SourceQuality "1"]

1. d4 Nf6 2. c4 g6 3. Nc3 Bg7 4. e4 d6 5. Nf3 0-0 6. Be2 e5 7. Be3 Ng4 8. Bg5 f6 9. Bc1 exd4 10. Nxd4 f5 11. f3 Nh6 12. Be3 Nc6 13. Nxc6 bxc6 14. Qd2 fxe4 15. Bg5 e3 16. Qxe3 Nf5 17. Qd2 Qe8 18. g4 Nd4 19. 0-0 Qe5 20. Rae1 Nc2 21. Rc1 Nd4 22. Rce1 Nxe2+ 23. Rxe2 Qc5+ 24. Kg2 Ba6 25. Re7 Rae8 26. Ne4 Qxc4 27. Rc1 Qxa2 28. Rxc6 Rxe7 29. Bxe7 Qb3 30. Bxf8 1-0

[Event "Cattolica Primavera op"]
[Site "Cattolica"]
[Date "2022.03.20"]
[Round "8"]
[White "Dobboletta, Alex"]
[Black "Roshka, Yevgeniy"]
[Result "1/2-1/2"]
[WhiteElo "2176"]
[BlackElo "2478"]
[PlyCount "67"]
[EventDate "2022.03.16"]
[EventType "swiss"]
[EventRounds "9"]
[EventCountry "ITA"]
[SourceTitle "CBM 207 Extra"]
[Source "ChessBase"]
[SourceDate "2022.05.31"]
[SourceVersion "1"]
[SourceVersionDate "2022.05.31"]
[SourceQuality "1"]

1. e4 e6 2. d4 d5 3. Nd2 c5 4. Ngf3 cxd4 5. Nxd4 Nc6 6. Bb5 Bd7 7. Nxc6 bxc6 8. Bd3 Bd6 9. Qe2 Qc7 10. Nf3 f6 11. exd5 cxd5 12. c4 Ne7 13. 0-0 0-0 14. cxd5 Nxd5 15. g3 Qb6 16. Nd2 Bc7 17. Nc4 Qb7 18. Bd2 Rae8 19. Ba5 Bb8 20. Rfd1 e5 21. Be4 Bc6 22. Qf3 Ne7 23. Bxc6 Qxc6 24. Qxc6 Nxc6 25. Bc3 Rd8 26. Na5 Rc8 27. Nxc6 Rxc6 28. Rd7 Bc7 29. Rad1 Re8 30. R1d5 a6 31. Ba5 Bxa5 32. Rxa5 h5 33. b4 Kh7 34. Ra7 1/2-1/2

[Event "Arco Christmas op 11th"]
[Site "Arco"]
[Date "2021.12.29"]
[Round "6"]
[White "Budyi, Danylo"]
[Black "Dobboletta, Alex"]
[Result "0-1"]
[WhiteElo "1928"]
[BlackElo "2206"]
[PlyCount "152"]
[EventDate "2021.12.26"]
[EventType "swiss"]
[EventRounds "7"]
[EventCountry "ITA"]
[SourceTitle "CBM 205 Extra"]
[Source "ChessBase"]
[SourceDate "2022.01.31"]
[SourceVersion "1"]
[SourceVersionDate "2022.01.31"]
[SourceQuality "1"]

1. d4 Nf6 2. c4 e6 3. Nc3 Bb4 4. Nf3 c5 5. e3 0-0 6. Bd2 cxd4 7. Nxd4 Nc6 8. Bd3 d5 9. cxd5 Nxd4 10. exd4 Nxd5 11. 0-0 Be7 12. Be3 b6 13. Qf3 Bb7 14. Be4 f5 15. Bxd5 Bxd5 16. Nxd5 Qxd5 17. Qxd5 exd5 18. f4 Rfe8 19. Kf2 Bf6 20. Rac1 Re4 21. Rfd1 Rae8 22. Rc3 h6 23. Kf3 g5 24. g3 g4+ 25. Kf2 Kf7 26. Rc7+ Kg6 27. Rc3 R8e7 28. Rd2 Kf7 29. Rd1 Ke8 30. Rd2 Kd7 31. Rd1 Re8 32. Rd2 h5 33. Rd1 h4 34. Rd2 R8e7 35. Rd1 Ke8 36. Rc8+ Kf7 37. Rc3 Kg6 38. Rd2 Re8 39. Rd1 R4e7 40. Rd2 hxg3+ 41. hxg3 Rh8 42. Kg2 Rhe8 43. Kf2 Re4 44. Rd1 R8e7 45. Rd2 Kf7 46. Rd1 Ke8 47. Rc8+ Kd7 48. Rc3 Re8 49. Rd2 b5 50. b4 Bd8 51. Rd1 Bb6 52. Rd2 a5 53. a3 Rh8 54. Kg2 Ra8 55. Bf2 axb4 56. axb4 Ra4 57. Rb3 Ra1 58. Rbb2 Rc1 59. Rbc2 Rxc2 60. Rxc2 Bxd4 61. Bxd4 Rxd4 62. Rc5 Rxb4 63. Rxd5+ Ke6 64. Re5+ Kf6 65. Rc5 Rb2+ 66. Kg1 b4 67. Rc6+ Ke7 68. Rc5 Ke6 69. Re5+ Kf6 70. Rb5 b3 71. Rb6+ Ke7 72. Kf1 Kd7 73. Ke1 Kc7 74. Rb5 Kc6 75. Rxf5 Rh2 76. Rf6+ Kc5 0-1

[Event "Arco Christmas op 11th"]
[Site "Arco"]
[Date "2021.12.28"]
[Round "4"]
[White "Fuochi, Tommaso"]
[Black "Dobboletta, Alex"]
[Result "0-1"]
[WhiteElo "2019"]
[BlackElo "2206"]
[PlyCount "70"]
[EventDate "2021.12.26"]
[EventType "swiss"]
[EventRounds "7"]
[EventCountry "ITA"]
[SourceTitle "CBM 205 Extra"]
[Source "ChessBase"]
[SourceDate "2022.01.31"]
[SourceVersion "1"]
[SourceVersionDate "2022.01.31"]
[SourceQuality "1"]

1. d4 Nf6 2. Nf3 d5 3. e3 c6 4. c4 e6 5. b3 Ne4 6. Nbd2 Bb4 7. Bd3 Nd7 8. 0-0 f5 9. Ne1 Bc3 10. Rb1 Qa5 11. Bxe4 fxe4 12. f3 0-0 13. Qc2 e5 14. cxd5 cxd5 15. fxe4 Rxf1+ 16. Kxf1 exd4 17. exd4 Nf6 18. e5 Ng4 19. Ndf3 Bxe1 20. Nxe1 Nxh2+ 21. Kg1 Qxe1+ 22. Kxh2 Qh4+ 23. Kg1 Qxd4+ 24. Qf2 Qe4 25. Rb2 Bg4 26. Rd2 Rf8 27. Qg3 d4 28. Qh4 Qe3+ 29. Kh2 Qxe5+ 30. Kg1 Be2 31. Qe1 Qe3+ 32. Kh2 Qh6+ 33. Kg1 Rf1+ 34. Qxf1 Bxf1 35. Kxf1 Qh1+ 0-1

[Event "Imola Ferrari Cup 1st"]
[Site "Imola"]
[Date "2021.12.05"]
[Round "5"]
[White "Dobboletta, Alex"]
[Black "Tripodi, Enzo"]
[Result "1-0"]
[WhiteElo "2206"]
[BlackElo "2108"]
[PlyCount "79"]
[EventDate "2021.12.03"]
[EventType "swiss"]
[EventRounds "5"]
[EventCountry "ITA"]
[SourceTitle "EXT 2023"]
[Source "ChessBase"]
[SourceDate "2022.10.05"]
[SourceVersion "1"]
[SourceVersionDate "2022.10.05"]
[SourceQuality "1"]

1. e4 c5 2. Nf3 d6 3. Bb5+ Bd7 4. Bxd7+ Qxd7 5. 0-0 Nc6 6. c3 Nf6 7. Qe2 e5 8. Rd1 Be7 9. d4 exd4 10. cxd4 Nxd4 11. Nxd4 cxd4 12. Rxd4 0-0 13. Nc3 Rfe8 14. Bf4 Bf8 15. Qd2 Qc6 16. f3 Re6 17. Rd1 Ne8 18. Nd5 Rc8 19. Qb4 Qa6 20. Qb3 Rg6 21. Bg3 h5 22. Ra4 Qe2 23. Nf4 Qc2 24. Nxg6 Qxb3 25. axb3 fxg6 26. Rxa7 d5 27. Rxb7 dxe4 28. Rb8 Bc5+ 29. Kf1 Rxb8 30. Bxb8 exf3 31. gxf3 Kf7 32. Ke2 Ke6 33. Kd3 Nf6 34. Kc4 Be7 35. b4 Nd7 36. Bc7 Bf6 37. b5 Bxb2 38. b6 Ne5+ 39. Bxe5 Bxe5 40. Re1 1-0

[Event "Imola Ferrari Cup 1st"]
[Site "Imola"]
[Date "2021.12.04"]
[Round "2"]
[White "Pegno, Mattia"]
[Black "Dobboletta, Alex"]
[Result "0-1"]
[WhiteElo "1942"]
[BlackElo "2206"]
[PlyCount "120"]
[EventDate "2021.12.03"]
[EventType "swiss"]
[EventRounds "5"]
[EventCountry "ITA"]
[SourceTitle "EXT 2023"]
[Source "ChessBase"]
[SourceDate "2022.10.05"]
[SourceVersion "1"]
[SourceVersionDate "2022.10.05"]
[SourceQuality "1"]

1. d4 Nf6 2. Nf3 d5 3. c4 e6 4. Nc3 Bb4 5. Bg5 h6 6. Bxf6 Qxf6 7. Qa4+ Nc6 8. cxd5 exd5 9. Ne5 0-0 10. Nxc6 Bxc3+ 11. bxc3 bxc6 12. e3 Qg6 13. g3 Qe4 14. Rg1 Bg4 15. h3 Bf3 16. Kd2 c5 17. Bd3 Qe6 18. Qa5 Be4 19. Bxe4 Qxe4 20. Rab1 Rab8 21. Rb5 c6 22. Rxb8 Rxb8 23. Qa3 c4 24. Rc1 Qf5 25. Ke2 Qxh3 26. Ke1 Qh1+ 27. Ke2 Qe4 28. Kf1 h5 29. Kg1 h4 30. Qxa7 Rb2 31. Qc7 hxg3 32. Qc8+ Kh7 33. Qh3+ Kg6 34. Qxg3+ Kf6 35. Qd6+ Qe6 36. Qf4+ Ke7 37. Qg5+ Qf6 38. Qxf6+ Kxf6 39. Ra1 Kf5 40. a4 Ke4 41. a5 Rb7 42. Ra3 Kd3 43. a6 Ra7 44. Kf1 Kc2 45. Ke2 Kb2 46. Ra5 Kxc3 47. f3 Kb4 48. Ra1 Kb5 49. e4 Kb6 50. Rb1+ Kxa6 51. e5 Rb7 52. Ra1+ Kb6 53. f4 c5 54. Ke3 Kc6 55. Ra6+ Rb6 56. Ra7 cxd4+ 57. Kxd4 Rb3 58. e6 Rd3+ 59. Ke5 Re3+ 60. Kf5 Rxe6 0-1

[Event "Arco Christmas op 10th"]
[Site "Arco"]
[Date "2019.12.29"]
[Round "6"]
[White "Tomulic, Teo"]
[Black "Dobboletta, Alex"]
[Result "0-1"]
[WhiteElo "2384"]
[BlackElo "2172"]
[PlyCount "110"]
[EventDate "2019.12.26"]
[EventType "swiss"]
[EventRounds "7"]
[EventCountry "ITA"]
[SourceTitle "CBM 194 Extra"]
[Source "ChessBase"]
[SourceDate "2020.03.31"]
[SourceVersion "1"]
[SourceVersionDate "2020.03.31"]
[SourceQuality "1"]

1. e4 e6 2. d4 d5 3. Nd2 Be7 4. Ngf3 Nf6 5. Bd3 c5 6. e5 Nfd7 7. c3 b6 8. 0-0 Ba6 9. Ne1 Bxd3 10. Nxd3 Nc6 11. Qg4 0-0 12. Nf3 Kh8 13. Nf4 b5 14. Nh3 Qe8 15. Re1 Rc8 16. Bg5 Bxg5 17. Nfxg5 h6 18. Re3 cxd4 19. cxd4 Qe7 20. Rae1 Qb4 21. Nf3 Qxb2 22. Nf4 Ne7 23. Nh5 Nf5 24. R3e2 Qb4 25. Qf4 Rc4 26. Rd1 Rfc8 27. h4 Qe7 28. Kh2 Nf8 29. g3 Ng6 30. Qd2 Rc3 31. Kg2 R8c4 32. Qb2 a6 33. a4 b4 34. Qd2 Rxf3 35. Kxf3 Nxd4+ 36. Qxd4 Rxd4 37. Rxd4 Qc5 38. Rdd2 Qc3+ 39. Kg2 Nxe5 40. Nf4 Nc4 41. Rd3 Qa1 42. g4 Qxa4 43. g5 b3 44. g6 fxg6 45. Nxg6+ Kh7 46. h5 b2 47. Rf3 b1Q 48. Rf8 Qxg6+ 49. hxg6+ Kxg6 50. Rxe6+ Kh7 51. Ree8 Qc6 52. f4 d4+ 53. Kf2 Ne3 54. Ke2 Qc2+ 55. Kf3 Qg2# 0-1

[Event "Arco op 41st"]
[Site "Arco"]
[Date "2019.10.07"]
[Round "4"]
[White "Bonavoglia, Marco"]
[Black "Dobboletta, Alex"]
[Result "1-0"]
[WhiteElo "1983"]
[BlackElo "2176"]
[PlyCount "51"]
[EventDate "2019.10.04"]
[EventType "swiss"]
[EventRounds "9"]
[EventCountry "ITA"]
[SourceTitle "EXT 2020"]
[Source "ChessBase"]
[SourceDate "2019.10.17"]
[SourceVersion "1"]
[SourceVersionDate "2019.10.17"]
[SourceQuality "1"]

1. e4 e6 2. Nf3 d5 3. e5 c5 4. b4 b6 5. bxc5 bxc5 6. d4 Nc6 7. c3 Qb6 8. Bd3 cxd4 9. 0-0 Bd7 10. cxd4 Nxd4 11. Nc3 Nxf3+ 12. Qxf3 Bb4 13. Rb1 Qa5 14. Qg4 Bf8 15. Nb5 g6 16. Bg5 a6 17. Nd6+ Bxd6 18. exd6 f6 19. Bh4 Qa3 20. Bxg6+ Kf8 21. Bxf6 Nxf6 22. Qg5 Qc3 23. Rb3 Qd4 24. Rf3 hxg6 25. Qxg6 Rh7 26. Qxh7 1-0

[Event "Cesenatico op 23rd"]
[Site "Cesenatico"]
[Date "2019.09.07"]
[Round "8"]
[White "Dobboletta, Alex"]
[Black "Stromboli, Carlo"]
[Result "1/2-1/2"]
[WhiteElo "2176"]
[BlackElo "2270"]
[PlyCount "96"]
[EventDate "2019.09.01"]
[EventType "swiss"]
[EventRounds "9"]
[EventCountry "ITA"]
[SourceTitle "EXT 2020"]
[Source "ChessBase"]
[SourceDate "2019.10.17"]
[SourceVersion "1"]
[SourceVersionDate "2019.10.17"]
[SourceQuality "1"]

1. d4 Nf6 2. Nf3 e6 3. e3 d5 4. c4 a6 5. b3 b6 6. Bd3 Nbd7 7. 0-0 Bb7 8. Nc3 Bd6 9. Bb2 0-0 10. Rc1 Ne4 11. Ne2 Qf6 12. Qc2 Qh6 13. h3 f5 14. Ne5 Ndf6 15. Nf4 Rae8 16. f3 g5 17. Ne2 g4 18. Nf4 Ng3 19. Rf2 Nfh5 20. fxg4 Bxe5 21. Nxh5 Nxh5 22. gxh5 dxc4 23. bxc4 Bg3 24. Re2 Qxh5 25. Rf1 Be4 26. Ba3 Rf7 27. Bxe4 fxe4 28. Rxf7 Kxf7 29. Rd2 Qf5 30. Rd1 Kg8 31. Rf1 Bh2+ 32. Kxh2 Qxf1 33. Qxe4 Qf5 34. Qc6 Qf7 35. Bb2 e5 36. dxe5 Qe6 37. Qe4 b5 38. c5 Re7 39. a3 Qg6 40. Qd5+ Qe6 41. Qd8+ Kf7 42. Bd4 Qc6 43. Qh8 Qg6 44. Qa8 Qe6 45. Qh8 Kg6 46. Qa8 Kf7 47. Qh8 Qg6 48. Qa8 Qe6 1/2-1/2

[Event "Cesenatico op 23rd"]
[Site "Cesenatico"]
[Date "2019.09.06"]
[Round "7"]
[White "Dittmar, Peter"]
[Black "Dobboletta, Alex"]
[Result "1/2-1/2"]
[WhiteElo "2259"]
[BlackElo "2176"]
[PlyCount "164"]
[EventDate "2019.09.01"]
[EventType "swiss"]
[EventRounds "9"]
[EventCountry "ITA"]
[SourceTitle "EXT 2020"]
[Source "ChessBase"]
[SourceDate "2019.10.17"]
[SourceVersion "1"]
[SourceVersionDate "2019.10.17"]
[SourceQuality "1"]

1. d4 Nf6 2. c4 e6 3. Nc3 Bb4 4. e3 0-0 5. Bd3 d5 6. Nge2 c6 7. 0-0 Nbd7 8. a3 Be7 9. Ng3 dxc4 10. Bxc4 c5 11. dxc5 Bxc5 12. b4 Be7 13. Bb2 a6 14. Be2 b5 15. Bf3 Rb8 16. Qd4 Nb6 17. Nce4 Nc4 18. Qa7 Nxe4 19. Bxe4 Rb6 20. Rad1 Rd6 21. Rxd6 Qxd6 22. Bd4 Qd7 23. Qxd7 Bxd7 24. Ra1 Rc8 25. f4 a5 26. bxa5 Nxa5 27. Bd3 Nc4 28. Bxc4 bxc4 29. Ne4 Ra8 30. Bc5 Bxc5 31. Nxc5 Bc6 32. Rb1 Kf8 33. Rb6 Be8 34. Rb4 Rxa3 35. Rxc4 Rxe3 36. Kf2 Ra3 37. Nb7 Ra2+ 38. Kg3 Rd2 39. Na5 Ke7 40. Nc6+ Bxc6 41. Rxc6 h6 42. h4 h5 43. Kf3 Rd3+ 44. Ke2 Rd6 45. Rc5 Rd5 46. Rc7+ Rd7 47. Rc5 g6 48. g3 Ra7 49. Rc3 f6 50. Kf3 Kd6 51. Rd3+ Ke7 52. Rb3 Rd7 53. Ra3 e5 54. fxe5 fxe5 55. Ke4 Ke6 56. Ra6+ Rd6 57. Ra8 Rd4+ 58. Ke3 Rb4 59. Ra6+ Kf5 60. Kf2 Rb2+ 61. Ke3 Rb3+ 62. Kf2 Rd3 63. Rb6 Ra3 64. Rb4 Ra6 65. Kf3 Re6 66. Rb5 Rd6 67. Rb4 Rd4 68. Rb6 e4+ 69. Kf2 Rd2+ 70. Ke3 Rd3+ 71. Kf2 Rd5 72. Ke3 Ra5 73. Kf2 g5 74. hxg5 Kxg5 75. Rb8 Ra3 76. Rg8+ Kf5 77. Rf8+ Ke5 78. Re8+ Kd4 79. Rd8+ Kc4 80. Rc8+ Kd3 81. Rd8+ Kc2 82. Rd4 Rf3+ 1/2-1/2

[Event "Porto San Giorgio op"]
[Site "Porto San Giorgio"]
[Date "2019.08.30"]
[Round "8"]
[White "Dobboletta, Alex"]
[Black "Paduano, Claudio"]
[Result "1-0"]
[WhiteElo "2150"]
[BlackElo "2048"]
[PlyCount "71"]
[EventDate "2019.08.24"]
[EventType "swiss"]
[EventRounds "9"]
[EventCountry "ITA"]
[SourceTitle "EXT 2020"]
[Source "ChessBase"]
[SourceDate "2019.10.17"]
[SourceVersion "1"]
[SourceVersionDate "2019.10.17"]
[SourceQuality "1"]

1. e3 d5 2. Nf3 Nf6 3. c4 e6 4. d4 Be7 5. b3 0-0 6. Bd3 Nbd7 7. 0-0 dxc4 8. Bxc4 a6 9. a4 c5 10. Bb2 cxd4 11. Nxd4 Nb6 12. Nd2 Bb4 13. Be2 Qe7 14. Nc4 Nbd5 15. Bf3 Rd8 16. Qc1 Qc7 17. Nc2 Bc3 18. Bxc3 Nxc3 19. Qb2 Nce4 20. Rfc1 Qe7 21. Qe5 Rd5 22. Qb2 Rg5 23. Nb6 Rb8 24. h4 Rc5 25. b4 Rc6 26. a5 e5 27. Na3 Bf5 28. Rxc6 bxc6 29. Rc1 Nd5 30. Rxc6 Qxb4 31. Qxe5 Qe1+ 32. Kh2 Rd8 33. Bxe4 Nxb6 34. Qxf5 Na4 35. Qxh7+ Kf8 36. Rc7 1-0

[Event "ITA-ch sf"]
[Site "Spoleto"]
[Date "2019.07.20"]
[Round "1"]
[White "Barp, Alberto"]
[Black "Dobboletta, Alex"]
[Result "1/2-1/2"]
[WhiteElo "2421"]
[BlackElo "2143"]
[PlyCount "131"]
[EventDate "2019.07.20"]
[EventType "swiss"]
[EventRounds "9"]
[EventCountry "ITA"]
[SourceTitle "EXT 2020"]
[Source "ChessBase"]
[SourceDate "2019.10.17"]
[SourceVersion "1"]
[SourceVersionDate "2019.10.17"]
[SourceQuality "1"]

1. d4 e6 2. c4 Nf6 3. Nf3 b6 4. g3 Bb7 5. Bg2 c5 6. d5 exd5 7. Nh4 g6 8. Nc3 Bg7 9. 0-0 d6 10. Bg5 Qd7 11. Bxf6 Bxf6 12. Nxd5 Bg7 13. f4 Nc6 14. Qd2 0-0-0 15. Nf3 Kb8 16. Ng5 h6 17. Ne4 h5 18. h4 Ne7 19. Ng5 Nxd5 20. cxd5 Rhe8 21. e4 Re7 22. a4 a6 23. Rfe1 Rde8 24. Bh3 Qd8 25. Rad1 Bc8 26. Bxc8 Qxc8 27. e5 dxe5 28. d6 Rd7 29. Nxf7 e4 30. Qd5 Bd4+ 31. Rxd4 cxd4 32. Ne5 d3 33. Rxe4 Qc5+ 34. Qxc5 bxc5 35. Nxd7+ Ka7 36. Nxc5 d2 37. Rd4 Re1+ 38. Kf2 d1Q 39. Rxd1 Rxd1 40. d7 Kb6 41. Ke2 Rd5 42. Nd3 Rxd7 43. Ne5 Re7 44. Kd3 Re6 45. b4 Kc7 46. Kd4 Rd6+ 47. Kc5 Re6 48. b5 axb5 49. axb5 Rd6 50. Kc4 Rf6 51. Kd5 Rd6+ 52. Kc5 Re6 53. Nc4 Re1 54. b6+ Kb8 55. Ne5 Re3 56. Nxg6 Rxg3 57. Ne5 Kb7 58. f5 Rh3 59. Ng6 Rf3 60. Ne7 Rf4 61. Kd5 Rxh4 62. Ke5 Rh1 63. Nd5 Re1+ 64. Kf4 Rf1+ 65. Kg5 h4 66. Nf4 1/2-1/2

[Event "Veneto-ch qf 78th"]
[Site "Padova"]
[Date "2019.02.16"]
[Round "2.9"]
[White "Dobboletta, Alex"]
[Black "Piccinno, Matteo"]
[Result "1/2-1/2"]
[WhiteElo "2171"]
[BlackElo "2001"]
[PlyCount "57"]
[EventDate "2019.02.15"]
[EventType "swiss"]
[EventRounds "5"]
[EventCountry "ITA"]
[SourceTitle "EXT 2024"]
[Source "ChessBase"]
[SourceDate "2023.10.10"]
[SourceVersion "1"]
[SourceVersionDate "2023.10.10"]
[SourceQuality "1"]

1. d4 Nf6 2. Nf3 g6 3. c4 Bg7 4. e3 0-0 5. Be2 d6 6. 0-0 Nbd7 7. Nc3 e5 8. Qc2 c6 9. Rd1 Qc7 10. b3 a6 11. dxe5 Nxe5 12. Bb2 Rd8 13. e4 b5 14. cxb5 cxb5 15. Nxe5 dxe5 16. Rxd8+ Qxd8 17. a4 Bb7 18. axb5 axb5 19. Bxb5 Rxa1+ 20. Bxa1 Qa8 21. Qd1 Nxe4 22. Nxe4 Bxe4 23. Bf1 Qb8 24. Qe1 Bc6 25. Qa5 Qxb3 26. Qd8+ Bf8 27. Bxe5 Qe6 28. Bc3 Qd6 29. Qf6 1/2-1/2